Alfred C. Kinsey : a public/private life /

Bibliographic Details
Main Author: Jones, James H. (James Howard), 1943-
Format: Book
Language:English
Published: New York : W.W. Norton, [1997]
Edition:1st ed.
Subjects:

MARC

Tag First Indicator Second Indicator Subfields
LEADER 00000cam a2200000 a 4500
001 in00001403734
005 20151020053140.0
008 970620s1997 nyuaf b 001 0beng
010 |a  97027506  
020 |a 0393040860 
035 |a (OCoLC)37220982 
035 |9 AHM7191AM 
040 |a DLC  |c DLC  |d TXA  |d UtOrBLW 
043 |a n-us--- 
049 |a TXAM 
050 0 0 |a HQ18.32.K56  |b J65 1997 
082 0 0 |a 306.7/0973  |2 21 
100 1 |a Jones, James H.  |q (James Howard),  |d 1943- 
245 1 0 |a Alfred C. Kinsey :  |b a public/private life /  |c James H. Jones. 
250 |a 1st ed. 
264 1 |a New York :  |b W.W. Norton,  |c [1997] 
264 4 |c ©1997 
300 |a xx, 937 pages, 16 unnumbered pages of plates :  |b illustrations ;  |c 25 cm. 
336 |a text  |b txt  |2 rdacontent 
337 |a unmediated  |b n  |2 rdamedia 
338 |a volume  |b nc  |2 rdacarrier 
504 |a Includes bibliographical references (pages [775]-890) and index. 
600 1 0 |a Kinsey, Alfred C.  |q (Alfred Charles),  |d 1894-1956. 
650 0 |a Sexologists  |z United States  |x Biography. 
650 0 |a Sexology  |z United States. 
999 |a MARS 
999 f f |s f6bc920d-eb84-3e80-9aaa-a319f7a66e6f  |i 2139067d-7fb6-392b-9beb-abf277d4b001  |t 0 
952 f f |p normal  |a Texas A&M University  |b Galveston Campus  |c Jack K. Williams Library  |d Galveston Stacks  |t 0  |e HQ18.32.K56 J65 1997  |h Library of Congress classification  |i unmediated -- volume  |m 33620001084900 
952 f f |p ric  |a Texas A&M University  |b Rellis Campus  |c Joint Library Facility  |d Remote Storage  |t 0  |e HQ18.32.K56 J65 1997  |h Library of Congress classification  |i unmediated -- volume  |m A14822025675 
998 f f |a HQ18.32.K56 J65 1997  |t 0  |l Galveston Stacks 
998 f f |a HQ18.32.K56 J65 1997  |t 0  |l Remote Storage